| 000 | 00677nam a2200133Ia 4500 | ||
|---|---|---|---|
| 008 | 171212s9999 xx 000 0 und d | ||
| 020 | _a9780833046154 | ||
| 100 | _aDavis, Lois M.;Pollard, Michael;Goulka, Jeremiah;Mack, Katherine;Lundberg, Russell | ||
| 245 |
_cDavis, Lois M.;Pollard, Michael;Goulka, Jeremiah;Mack, Katherine;Lundberg, Russell _aThe Role of the United States Postal Service in Public Safety and Security _bImplications of Relaxing the Mailbox Monopoly |
||
| 260 |
_bRAND Corporation _c2008 |
||
| 650 | _aBusiness | ||
| 650 | _aUnited States Postal Service; Postal service -- United States -- Safety measures | ||
| 856 | _uwww.jstor.org/stable/10.7249/mg800usps | ||
| 999 |
_c352717 _d352717 |
||